Moyens d'information en Haiti et dans Caraibe /

Kaydedildi:
Detaylı Bibliyografya
Kurumsal yazarlar: Centre Haitien d'Investigation en Sciencies Sociales, CHISS
Materyal Türü: Metin
Baskı/Yayın Bilgisi: s.l: CHISS
Etiketler: Etiketle
Etiket eklenmemiş, İlk siz ekleyin!

MARC

LEADER 00000 a a2200000 04500
001 25263
003
040
090 |a 180700  
110 |a Centre Haitien d'Investigation en Sciencies Sociales  
245 |a Moyens d'information en Haiti et dans Caraibe /  |c Centre Haitien d'Investigation en Sciencies Sociales  
260 |a s.l:   |b CHISS  
300 |a 295 p.  
710 |a CHISS  
999 |c 12472  |d 12472